MDQL
is popping MORE tags! Check the
thread
!
Quizzes
Events
Quiz Creation
Community
Videos
Private Events
Remove Ads
Sign In
Join for FREE
Feedback
Dark Mode
Quiz Categories
Sports
Geography
Music
Movies
Television
Just For Fun
Miscellaneous
History
Literature
Language
Science
Gaming
Entertainment
Religion
Holiday
For Kids
Quiz Lab
Recent
Popular Today
Quiz Kudos Today
Editor Picks
Curator Picks
Quizzes by...
Day
Popularity
Type
Ratings
Length
Year
Community
Subscriptions
Recent Discussions
Orange Saloon
Badges
Playlists
Quests
Create
Leaderboards
Showdown
Live 5
Trivia Bingo
Activity
Puzzle Library
Sporcle Events
Private Events
Virtual Trivia
Globe League
Become a Host
Pub Owners
SporcleCon
Opinionation
Our Games
Videos
Blog
Mobile Apps
Partnerships
Remove Ads and Go Orange
Feedback
Sports
Athletes
MLB
NBA
NHL
NFL
Soccer
Sports Teams
WWE
NCAA
Football
Premier League
Basketball
Baseball
Hockey
Golf
Tennis
Cricket
Rugby
Auto Racing
Olympics
World Cup
Sports
Athletes
MLB
NBA
NHL
NFL
Soccer
Sports Teams
WWE
NCAA
Football
Premier League
Basketball
Baseball
Hockey
Golf
Tennis
Cricket
Rugby
Auto Racing
Olympics
World Cup
Random Quiz
Search Sporcle
×
Quiz Lab
Quiz Lab
Sports
WWE
Type in answers that appear in a list
Type in answers that appear in a list
Classic
Best Score? Go Orange.
History of WWE PPV Part 11 Stats
Judgment Day 2000 through Armageddon 2000
By
dd0112
20m
265 Questions
1,092 Plays
1,092 Plays
1,092 Plays
Comments
Comments
Give Quiz Kudos
Give Quiz Kudos
-
- Ratings
hide this ad
Replay
Link that replays current quiz
Next Quiz
Link to next quiz in quiz playlist
You Got
0%
They Got
Avg Score
88%
Avg Friend Score
Upgrade to see
Score Distribution
Jump to the score distribution portion of the page
Score
0/265
Timer
20:00
0
Plays Today
Type of Match
Wrestler
% Correct
WWE Championship Ironman Match
Triple H
98.1%
WWE Championship Six-
man Tag
Triple H
98.1%
Last Man Standing
Triple H
98.1%
WWF Championship
Triple H
98.1%
No Disqualification
Triple H
98.1%
Singles Match
Triple H
98.1%
No Disqualification
Triple H
98.1%
WWF Championship Hell in a Cell
Triple H
98.1%
WWE Championship Ironman Match
Rock
97.2%
WWE Championship Six-
man Tag
Rock
97.2%
WWF Championship
Rock
97.2%
WWF Championship
Rock
97.2%
WWF Championship
Rock
97.2%
WWF Championship
Rock
97.2%
Singles Match
Rock
97.2%
WWF Championship
Rock
97.2%
WWF Championship Hell in a Cell
Rock
97.2%
WWE Championship Six-
man Tag
Undertaker
96.5%
Singles Match
Undertaker
96.5%
Singles Match
Undertaker
96.5%
WWF Championship
Undertaker
96.5%
WWF Championship
Undertaker
96.5%
Singles Match
Undertaker
96.5%
WWF Championship Hell in a Cell
Undertaker
96.5%
WWF Tag Title Four Way Elimination
Jeff Hardy
95.9%
WWF Tag Title Four Way Elimination
Matt Hardy
95.9%
Six-
person Tag
Jeff Hardy
95.9%
Six-
person Tag
Matt Hardy
95.9%
WWF Tag Title TLC Match
Jeff Hardy
95.9%
WWF Tag Title TLC Match
Matt Hardy
95.9%
WWF Tag Title Steel Cage Match
Jeff Hardy
95.9%
WWF Tag Title Steel Cage Match
Matt Hardy
95.9%
Tag Team Championship
Jeff Hardy
95.9%
Tag Team Championship
Matt Hardy
95.9%
Survivor Series Elimination Match
Jeff Hardy
95.9%
Survivor Series Elimination Match
Matt Hardy
95.9%
Tag Team Championship
Jeff Hardy
95.9%
Tag Team Championship
Matt Hardy
95.9%
Six-
person Elimination Tag
Jeff Hardy
95.9%
Six-
person Elimination Tag
Matt Hardy
95.9%
Six-
man Tag
Edge
95.8%
WWF Tag Title Four Way Elimination
Edge
95.8%
Tag Team Championship
Edge
95.8%
WWF Tag Title TLC Match
Edge
95.8%
WWF Tag Title Steel Cage Match
Edge
95.8%
Tag Team Championship
Edge
95.8%
Survivor Series Elimination Match
Edge
95.8%
Three Way Elimination Tables Match
Edge
95.8%
Tag Team Championship
Edge
95.8%
WWE Championship Six-
man Tag
Kane
95.6%
Singles Match
Kane
95.6%
WWF Championship
Kane
95.6%
Singles Match
Kane
95.6%
Singles Match
Kane
95.6%
Last Man Standing
Kane
95.6%
No Holds Barred Match
Steve Austin
95.1%
No Disqualification
Steve Austin
95.1%
WWF Championship
Steve Austin
95.1%
WWF Championship Hell in a Cell
Steve Austin
95.1%
Six-
man Tag
Christian
94.9%
WWF Tag Title Four Way Elimination
Christian
94.9%
Tag Team Championship
Christian
94.9%
WWF Tag Title TLC Match
Christian
94.9%
WWF Tag Title Steel Cage Match
Christian
94.9%
Tag Team Championship
Christian
94.9%
Survivor Series Elimination Match
Christian
94.9%
Three Way Elimination Tables Match
Christian
94.9%
Tag Team Championship
Christian
94.9%
Six-
man Tag
Kurt Angle
94.8%
KOTR Quarter Finals
Kurt Angle
94.8%
KOTR Semi Finals
Kurt Angle
94.8%
KOTR Finals
Kurt Angle
94.8%
Singles Match
Kurt Angle
94.8%
WWF Championship
Kurt Angle
94.8%
No Disqualification
Kurt Angle
94.8%
WWF Championship
Kurt Angle
94.8%
WWF Championship
Kurt Angle
94.8%
WWF Championship
Kurt Angle
94.8%
WWF Championship Hell in a Cell
Kurt Angle
94.8%
Tables Match
Bubba Ray Dudley
94.7%
Handicap Tables/
Dumpster Match
Bubba Ray Dudley
94.7%
WWF Tag Title TLC Match
Bubba Ray Dudley
94.7%
Eight-
man Tag
Bubba Ray Dudley
94.7%
Tag Team Table Invitational
Bubba Ray Dudley
94.7%
Survivor Series Elimination Match
Bubba Ray Dudley
94.7%
Three Way Elimination Tables Match
Bubba Ray Dudley
94.7%
Tag Team Championship
Bubba Ray Dudley
94.7%
Tables Match
D-Von Dudley
94.6%
Handicap Tables/
Dumpster Match
D-Von Dudley
94.6%
Type of Match
Wrestler
% Correct
WWF Tag Title TLC Match
D-Von Dudley
94.6%
Eight-
man Tag
D-Von Dudley
94.6%
Tag Team Table Invitational
D-Von Dudley
94.6%
Survivor Series Elimination Match
D-Von Dudley
94.6%
Three Way Elimination Tables Match
D-Von Dudley
94.6%
Tag Team Championship
D-Von Dudley
94.6%
I-
C Championship Submission Match
Chris Benoit
92.9%
KOTR Quarter Finals
Chris Benoit
92.9%
WWF Championship
Chris Benoit
92.9%
2 Out of 3 Falls
Chris Benoit
92.9%
WWF Championship
Chris Benoit
92.9%
Singles Match
Chris Benoit
92.9%
Survivor Series Elimination Match
Chris Benoit
92.9%
Singles Match
Chris Benoit
92.9%
Intercontinental Championship
Chris Benoit
92.9%
I-
C Championship Submission Match
Chris Jericho
92.8%
KOTR Quarter Finals
Chris Jericho
92.8%
Last Man Standing
Chris Jericho
92.8%
2 Out of 3 Falls
Chris Jericho
92.8%
Singles Match
Chris Jericho
92.8%
Steel Cage Match
Chris Jericho
92.8%
Singles Match
Chris Jericho
92.8%
Singles Match
Chris Jericho
92.8%
Last Man Standing
Chris Jericho
92.8%
European Championship
Eddie Guerrero
92.6%
KOTR Quarter Finals
Eddie Guerrero
92.6%
European Championship
Eddie Guerrero
92.6%
I-
C Championship Mixed Tag
Eddie Guerrero
92.6%
Intercontinental Championship
Eddie Guerrero
92.6%
Survivor Series Elimination Match
Eddie Guerrero
92.6%
Tag Team Match
Eddie Guerrero
92.6%
Six-
person Elimination Tag
Eddie Guerrero
92.6%
No Disqualification
Shane McMahon
92%
WWE Championship Six-
man Tag
Shane McMahon
92%
Hardcore Championship
Shane McMahon
92%
Six-
man Tag
Rikishi
91.9%
KOTR Quarter Finals
Rikishi
91.9%
KOTR Semi Finals
Rikishi
91.9%
KOTR Finals
Rikishi
91.9%
I-
C Championship Steel Cage Match
Rikishi
91.9%
Six-
man Tag
Rikishi
91.9%
Intercontinental Championship
Rikishi
91.9%
No Holds Barred Match
Rikishi
91.9%
Singles Match
Rikishi
91.9%
WWF Championship
Rikishi
91.9%
WWF Championship Hell in a Cell
Rikishi
91.9%
WWE Championship Six-
man Tag
Vince McMahon
91.8%
Tables Match
Road Dogg
89.9%
Handicap Tables/
Dumpster Match
Road Dogg
89.9%
Singles Match
Road Dogg
89.9%
Survivor Series Elimination Match
Road Dogg
89.9%
Tag Team Championship
Road Dogg
89.9%
Tables Match
X-Pac
89.7%
Handicap Tables/
Dumpster Match
X-Pac
89.7%
Singles Match
X-Pac
89.7%
Singles Match
X-Pac
89.7%
Steel Cage Match
X-Pac
89.7%
Tag Team Match
Billy Gunn
89.3%
Survivor Series Elimination Match
Billy Gunn
89.3%
Tag Team Match
Billy Gunn
89.3%
Intercontinental Championship
Billy Gunn
89.3%
I-
C Championship Mixed Tag
Chyna
89.2%
Tag Team Match
Chyna
89.2%
Survivor Series Elimination Match
Chyna
89.2%
Tag Team Match
Chyna
89.2%
Singles Match
Chyna
89.2%
No Disqualification
Big Show
88.7%
Six-
person Tag
Trish Stratus
88.7%
I-
C Championship Mixed Tag
Trish Stratus
88.7%
Six-
person Tag
Trish Stratus
88.7%
Six-
person Tag
Trish Stratus
88.7%
WWF Women's Championship
Trish Stratus
88.7%
Six-
person Tag
Lita
88%
Six-
person Tag
Lita
88%
WWF Women's Championship
Lita
88%
WWF Women's Championship
Lita
88%
Six-
person Elimination Tag
Lita
88%
KOTR Quarter Finals
Crash Holly
87.9%
KOTR Semi Finals
Crash Holly
87.9%
Hardcore Championship
Crash Holly
87.9%
Hardcore Championship
Crash Holly
87.9%
Six-
person Tag
Crash Holly
87.9%
European Championship
Crash Holly
87.9%
Six-
man Tag
Scotty 2 Hotty
87.7%
WWF Tag Title Four Way Elimination
Scotty 2 Hotty
87.7%
Six-
man Tag
Scotty 2 Hotty
87.7%
Tag Team Table Invitational
Scotty 2 Hotty
87.7%
European Championship
Hardcore Holly
87.7%
European Championship
Hardcore Holly
87.7%
Type of Match
Wrestler
% Correct
WWF Tag Title Four Way Elimination
Test
87.5%
Six-
person Tag
Test
87.5%
Hardcore Championship
Test
87.5%
Six-
person Tag
Test
87.5%
Six-
person Tag
Test
87.5%
Three Way Elimination Tables Match
Test
87.5%
Six-
person Tag
Molly Holly
87.1%
WWF Women's Championship
Molly Holly
87.1%
Six-
man Tag
Grandmaster Sexay
86.4%
WWF Tag Title Four Way Elimination
Grandmaster Sexay
86.4%
Six-
man Tag
Grandmaster Sexay
86.4%
Tag Team Table Invitational
Grandmaster Sexay
86.4%
European Championship
Dean Malenko
85.4%
Survivor Series Elimination Match
Dean Malenko
85.4%
Tag Team Match
Dean Malenko
85.4%
Six-
person Elimination Tag
Dean Malenko
85.4%
European Championship
Perry Saturn
85.3%
European Championship
Perry Saturn
85.3%
Hardcore Championship
Perry Saturn
85.3%
Survivor Series Elimination Match
Perry Saturn
85.3%
Hardcore Championship
Perry Saturn
85.3%
Six-
person Elimination Tag
Perry Saturn
85.3%
Tag Team Championship
Bradshaw
84.2%
Eight-
man Tag
Bradshaw
84.2%
Six-
person Tag
Bradshaw
84.2%
Tag Team Championship
Faarooq
83.9%
Eight-
man Tag
Faarooq
83.9%
Six-
person Tag
Faarooq
83.9%
KOTR Quarter Finals
Val Venis
83.5%
KOTR Semi Finals
Val Venis
83.5%
I-
C Championship Steel Cage Match
Val Venis
83.5%
I-
C Championship Mixed Tag
Val Venis
83.5%
Eight-
man Tag
Val Venis
83.5%
Tag Team Match
Val Venis
83.5%
Singles Match
Val Venis
83.5%
WWF Tag Title Four Way Elimination
Albert
82.8%
Six-
person Tag
Albert
82.8%
Six-
person Tag
Albert
82.8%
Six-
person Tag
Albert
82.8%
Three Way Elimination Tables Match
Albert
82.8%
Hardcore Championship
Steve Blackman
80.5%
Hardcore Championship
Steve Blackman
80.5%
Six-
person Tag
Steve Blackman
80.5%
Hardcore Championship
Steve Blackman
80.5%
WWF Women's Championship
Ivory
80.2%
WWF Women's Championship
Ivory
80.2%
WWF Women's Championship
Ivory
80.2%
European Championship
William Regal
78%
European Championship
William Regal
78%
European Championship
William Regal
78%
European Championship
William Regal
78%
Six-
man Tag
Steven Richards
77.9%
Eight-
man Tag
Steven Richards
77.9%
Tag Team Match
Steven Richards
77.9%
KOTR Quarter Finals
Bull Buchanan
76%
Six-
man Tag
Bull Buchanan
76%
Eight-
man Tag
Bull Buchanan
76%
Tag Team Table Invitational
Bull Buchanan
76%
Survivor Series Elimination Match
Bull Buchanan
76%
Tag Team Championship
Bull Buchanan
76%
Tag Team Championship
Bull Buchanan
76%
Singles Match
Tazz
74.6%
Singles Match
Tazz
74.6%
Strap Match
Tazz
74.6%
Tag Team Table Invitational
Tazz
74.6%
Six-
man Tag
Goodfather
74%
Eight-
man Tag
Goodfather
74%
Tag Team Table Invitational
Goodfather
74%
Survivor Series Elimination Match
Goodfather
74%
Tag Team Championship
Goodfather
74%
Tag Team Championship
Goodfather
74%
Tag Team Table Invitational
Raven
71.2%
Singles Match
Al Snow
70.1%
Hardcore Championship
Al Snow
70.1%
Tag Team Table Invitational
D-Lo Brown
68.8%
Singles Match
Jerry Lawler
68.6%
Strap Match
Jerry Lawler
68.6%
Stink Face Match
Kat
67.9%
Hardcore Title Evening Gown Match
Pat Patterson
67.7%
Hardcore Title Evening Gown Match
Gerald Brisco
67.7%
Handicap Tables/
Dumpster Match
Tori
67.6%
Survivor Series Elimination Match
K-Kwik
66.9%
Tag Team Championship
K-Kwik
66.9%
Stink Face Match
Terri
65%
European Championship
Naked Mideon
55.7%
Hardcore Championship
Funaki
48.9%
Tag Team Table Invitational
Chaz
44.2%
Quiz Playlist
Details
Report
Send in Message
Add To Playlist
Classic:
Type in answers that appear in a list
Last Updated: Jul 27, 2017
Quiz Scoreboard
CHALLENGE
Sign Up to Join the Scoreboard
Show All
Scores
Hide
Comments
May contain spoilers
Recently Published
1-10 Letter E Words III
by El_Dandy
Language
2m
Street Fighter Characters
by Artimus82
Gaming
60s
College Basketball Coaching Resumes
by pancakes188
Sports
9m
More to Explore
Quiz From the Vault
Featured Blog Post
Where Did the Easter Bunny Come From?
hide this ad
You Might Also Like...
Tags
WWE Quiz
2000
Armageddon
Event
judgment
PPV
Wrestlers
Today's Top Quizzes in Sports
Browse Sports
hide this ad
Today's Top Quizzes in WWE
Browse WWE
Top Contributed Quizzes in Sports
1
2022 World Cup Stars
2
Les meilleurs buteurs des matchs entre le PSG et l’OM
3
FIFA Club World Cup Champions
4
Les entraîneurs de l'OM et du PSG au 21e siècle
5
Criteria MLB: Left Handed Sluggers
6
2023 MLB Unique Player Accomplishments
7
AFC Teams Reveal (Wrong Answers Minefield)
8
Players with Multiple 50 Home Run Seasons
9
5-to-1: FBS Animal Nicknames
10
5-to-1: UK Sports Teams
Explore More
Trending Topics
Kpop
Anime
Marvel
Disney
Crossword
NBA
Harry Potter
Puzzle
The Office
WWE
NFL
Country
Pokémon
Song
Soccer
hide this ad
More By:
dd0112
Quiz
Plays
Rating
Category
Featured
Created
History of WWE PPV Part 11
1,092
4.29
Sports
Jun 29, 2014
History of WWE PPV Part 12
985
3.75
Sports
Jun 30, 2014
History of WWE PPV Part 16
962
4.00
Sports
Jul 2, 2014
History of WWE PPV Part 15
757
2.50
Sports
Jul 2, 2014
History of WWE PPV Part 14
665
4.00
Sports
Jul 1, 2014
Go to Creator's Profile
Score Distribution
Quiz Creator Spotlight
dd0112
Follow
Send a Message
Quizzes Created
-
Created Quiz Play Count
-
More By This Creator
Popular Quizzes Today
1
Find the US States - No Outlines Minefield
2
Find the Countries of Europe - No Outlines Minefield
3
The Countries of the World
4
Find the US States
5
Risky Map Clicking: Biggest States A-Z
6
US States
7
Popular People in 1961
8
Movies - When Are They Set?
More Sports Quizzes
European Champions Cup Winning Teams Blitz - Ireland
Curator's Pick
Trending Quizzes
Risky Map Clicking: Least Populous States A-Z
Billboard Blitz: Aretha Franklin
Famous Russians: Author or Composer?
1-10 Letter G Words
Countries of the World: 200 Million BC
Recently Updated
Leaping Animals
pecheneg
Reality TV Shows (A-Z)
bhenderson79
Rickey Henderson's Hall of Fame Teammates
pecheneg
Champions League XIs: Arsenal
pecheneg
Quick Pick: Celebrities in WWE's Hall of Fame
aduchscher
A-Z Keypad Blitz II
pecheneg
Multiple Oscar Actors
pecheneg
Mystery Phrase Blitz: Oscar 'Best Actors'
pecheneg
F. Scott Fitzgerald Novels
LTH
Pick 3 Villains
ddd62291
Trending Topics
Marvel
Kpop
Anime
NBA
Crossword
Disney
Harry Potter
The Office
WWE
NFL
Pokémon
Song
Puzzle
Soccer
Country
Your Account Isn't Verified!
In order to create a playlist on Sporcle, you need to verify the email address you used during registration. Go to your
Sporcle Settings
to finish the process.
Report this User
Report this user for behavior that violates our
Community Guidelines
.
Details:
Send Report
Go to the Sporcle.com Mobile Site →
Comments